Statistics for Enumeration Quiz 3

Click here to take the quiz!

General Stats

  • This quiz has been taken 9 times
  • The average score is 17 of 22

Answer Stats

HintAnswer% Correct
Colors of Google LogoBlue
100%
Colors of Google LogoGreen
100%
East Asian CountriesJapan
100%
TeletubbiesPo
100%
Colors of Google LogoRed
100%
East Asian CountriesTaiwan
100%
Colors of Google LogoYellow
100%
Romance LanguagesFrench
89%
East Asian CountriesChina
78%
Romance LanguagesItalian
78%
East Asian CountriesNorth Korea
78%
East Asian CountriesSouth Korea
78%
Types of blood vesselsArteries
67%
TeletubbiesLaa Laa
67%
Romance LanguagesSpanish
67%
Types of blood vesselsVeins
67%
Types of blood vesselsCapillaries
56%
TeletubbiesDipsy
56%
East Asian CountriesMongolia
56%
Romance LanguagesPortuguese
56%
TeletubbiesTinky-Winky
56%
Romance LanguagesRomanian
44%

Score Distribution

Percentile by Number Answered

Percent of People with Each Score

Your Score History

You have not taken this quiz